000 00718nam a2200277Ia 4500
005 20260324112638.0
008 008 260324s9999 xx 000 0 eng d
020 _a9781003518365
037 _aEBOOK
040 _aCRL
040 _beng
040 _cCRL
041 _2eng
041 _aeng
084 _qCRL
100 _aA M Viswa Bharathy; Dac-Nhuong Le; P. Karthikeyan
_91143562
245 0 _aApplications of Blockchain and Artificial Intelligence in Finance and Governance
260 _bTaylor and Francis
260 _c2024
365 _a
365 _b225
856 _uhttp://www.taylorfrancis.com/books/9781003518365
942 _cEBOOK
999 _c1732849
_d1732849